Statystyki dla Państwa które są na równiku

Kliknij tutaj aby rozwiązać quiz!

Ogólne statystyki

  • Ten quiz został rozwiązany 25 razy
    (9 od ostatniego zresetowania)
  • Średni wynik to 7 z 11

Statystyki odpowiedzi

państwa% Poprawnych
Demokratyczna Republika Konga
100%
Brazylia
83%
Ekwador
83%
Kenia
83%
Indonezja
67%
Kolumbia
67%
Kongo
67%
Gabon
33%
Uganda
33%
Wyspy Świętego Tomasza i Książęca
33%
Somalia
17%

Rozkład punktacji

Percentyl według liczby udzielonych odpowiedzi

Procent ludzi z każdym wynikiem

Twoja historia wyników

Nie rozwiązałeś tego quizu od ostatniego zresetowania